Normal view
MARC view
- Bello Domínguez, Juan
Entry Nombre Personal
001 - NUMERO DE CONTROL
- campo de control: 34851
003 - IDENTIFICADOR DE NUMERO DE CONTROL
- campo de control: UPN
005 - FECHA Y HORA DE LA ÜLTIMA TRANSACCIÓN
- campo de control: 20210219194457.0
008 - DATOS DE LONGITUD FIJA
- campo de control de longitud fija: nabaccnnaabn|||||||||| b |nc|||||d
035 ## - NUMERO DE CONTROL
- Número de control: UPN11000006958
040 ## - FUENTE DE CATALOGACIÓN
- Lenguaje de catalogación: SPA
- Agencia de transcripción: UPN
100 1# - ENCABEZAMIENTO - NOMBRE PERSONAL
- Nombre personal: Bello Domínguez, Juan
670 ## - FUENTE EN LA QUE SE LOCALIZARON DATOS
- Cita de la fuente: T
- Uniform Resource Identifier: http://www.aragon.unam.mx/posgrado/web/Matices/MATICES.%20REVISTA%20DE%20POSGRADO%20N%ba.%203%20PDF/12.%20Semblanza-autores.pdf
680 ## - NOTA PUBLICA DE ACCESO PÚBLICO
- Frase explicativa de la referencia: Doctor en Sociología por la Universidad Nacional Autónoma de México. Profesor titular de los seminarios Educación y diversidad cultural, Sociedad y cultura e Industrialización y desarrollo del México actual. Profesor Investigador de la Universidad Pedagógica Nacional
902 ## - CATALOGADOR
- Catalogador: MCM/270214
